000 00394nam a2200145 i 4500
001 76526
003 ES-MaACL
005 20230906172854.0
007 t|
008 041004s1967 sp ||||1| spa d
245 0 0 _aGuiones para círculos de estudio
_b: año 1º, trimestre 4º.
260 _aMadrid :
_bH.O.A.C.,
_c[1967]
300 _a260 p. ;
_c15 cm.
852 _aES-MaACL
_jC-32543
_bR.63037
999 _c76526
_d76526